Visualizzazione normale
Vista MARC
- Colombino Ugo
di Personal Name
Records bibliografici associati: 1
001 - CONTROL NUMBER
- control field: 59731
003 - CONTROL NUMBER IDENTIFIER
- control field:
005 - DATE AND TIME OF LATEST TRANSACTION
- control field: 20230316102128.0
008 - FIXED-LENGTH DATA ELEMENTS
- fixed length control field: 230316|| aca||aabn | a|a d
040 ## - CATALOGING SOURCE
- Original cataloging agency:
- Transcribing agency:
100 ## - HEADING--PERSONAL NAME
- Personal name: Colombino Ugo
670 ## - SOURCE DATA FOUND
- Source citation: Work cat.: ()236057: Colombino Ugo, Analisi microeconomica. Dinamiche familiari e politiche redistributive, 1984